• 首页
  • 本馆介绍
  • 公告通知
  • 最新文献
  • 馆藏检索
  • 电子资源
  • 读者导购
  • 参考咨询
  • 我的图书馆
  • 登录
  • 详细信息显示
  • 放入我的书架
  • 预约/预借图书
  • 作者相关作品
  • 分类相关作品
  • 丛书相关作品
  • 出版社相关作品

书目信息

  • 表格格式
  • 工作单格式
  • 卡片格式
题名:
中共党史教学参考资料
    
 
作者: ;中国人民大学中共党史系资料室 编
分册: 三  
出版信息:   不详  1979
页数: 202页
开本: 20cm
丛书名:
单 册:
中图分类: D239
科图分类:
主题词: 党史-中国共产党--教学大纲
电子资源:
ISBN:
000 00825nam0 2200241 45
001 0184010239
005 20060405165409.40
010    @dCNY0.68
100    @a19950619d1979 em y0chiy0121 ea
101 0  @achi
105    @ay z 000yy
200 10 @a中共党史教学参考资料@Azhong gong dang shi jiao xue can kao zi liao@h三@f中国人民大学中共党史系资料室编@Fzhong guo ren min da xue zhong gong dang shi xi zi liao shi bian
210    @c不详@d1979
215    @a202页@d20cm
300    @a校内用书
300    @a共同政治理论课用
601 02 @a中国共产党@x党史@x教学大钢
606    @a党史-中国共产党@x教学大纲
690    @aD239@v4
711 02 @a中国人民大学中共党史系资料室@Azhong guo ren min da xue zhong gong dang shi xi zi liao shi@4编
801  0 @aCN@bTSSF@c20060405
801  2 @aCN@bNLC@c20060405
905    @a10447@dD239@e1:3
    
    中共党史教学参考资料.三/中国人民大学中共党史系资料室编.-不详,1979
    202页;20cm
    校内用书.-共同政治理论课用
    
    ISBN :CNY0.68
    
●
相关链接 在E读中查询图书 在五车中查询图书 在当当中查询图书 在豆瓣中查询图书


正题名:中共党史教学参考资料     索取号:D239/1:3         预约/预借

序号 登录号 条形码 馆藏地/架位号 状态 备注
1 0019206   202225430   密集书库/ [索取号:D239/1:3] 在馆    
唐山师范学院图书馆 欢迎您!
大连网信软件有限公司© 版权所有